Online
Catalog

Memoria de la hiedra seca / (Record no. 5461)

MARC details
000 -CABECERA
campo de control de longitud fija 00578nam a2200169 a 4500
001 - NÚMERO DE CONTROL
campo de control 000005663
005 - FECHA Y HORA DE LA ÚLTIMA TRANSACCIÓN
campo de control 20241017090756.0
008 - DATOS DE LONGITUD FIJA--INFORMACIÓN GENERAL
campo de control de longitud fija 090821s2007 dr 000 0 spa d
040 ## - FUENTE DE LA CATALOGACIÓN
Centro catalogador/agencia de origen DO-SdBNP
Lengua de catalogación spa
Centro/agencia transcriptor BNPHU
082 ## - NÚMERO DE LA CLASIFICACIÓN DECIMAL DEWEY
Número de clasificación xxxx
Número de documento/Ítem E79m
049 ## - FONDOS LOCALES (OCLC)
Fondos de biblioteca BNPD
100 1# - ENTRADA PRINCIPAL--NOMBRE DE PERSONA
Nombre de persona Estévez Aristy, Justiniano,
Fechas asociadas al nombre 1962-
9 (RLIN) 3212
245 10 - MENCIÓN DE TÍTULO
Título Memoria de la hiedra seca /
Mención de responsabilidad, etc. Justiniano Estévez Aristy.
260 ## - PUBLICACIÓN, DISTRIBUCIÓN, ETC.
Lugar de publicación, distribución, etc. Puerto Plata, República Dominicana :
Nombre del editor, distribuidor, etc. Sociedad Cultural Renovación :
-- Brugal,
Fecha de publicación, distribución, etc. 2007.
300 ## - DESCRIPCIÓN FÍSICA
Extensión 111 p. ;
Dimensiones 23 cm.
500 ## - NOTA GENERAL
Nota general Ganador Concurso Literario Por Nuestro País Primero
Holdings
Estado de retiro Estado de pérdida Restricciones de uso No para préstamo Código de colección Localización permanente Ubicación/localización actual Ubicación en estantería Fecha de adquisición Número de inventario Total de préstamos Signatura topográfica completa Código de barras Fecha visto por última vez Número de copia Precio válido a partir de Tipo de ítem Koha
        Dominicana de Servicio General General Depósito 17.02.2011 LF1   xxxx E79m 5663-30 25.06.2020 e. 3 25.06.2020 Libro y Folleto Colección Dominicana de Servicio
      Excluido de préstamo Patrimonio Dominicano Patrimonio Dominicano Patrimonio Dominicano Depósito 21.08.2009 LF1   xxxx E79m 5663-10 25.06.2020   25.06.2020 Libro y Folleto Colección Patrimonio Dominicano
      Excluido de préstamo Patrimonio Dominicano Patrimonio Dominicano Patrimonio Dominicano Depósito 17.02.2011 LF1   xxxx E79m 5663-20 25.06.2020 e. 2 25.06.2020 Libro y Folleto Colección Patrimonio Dominicano

Powered by Koha